Statistics for Pakistan Super League (PSL) Team Captain (2022)

Click here to take the quiz!

General Stats

  • This quiz has been taken 60 times
  • The average score is 5 of 6

Answer Stats

TeamsAnswer% Correct
Karachi KingsBabar Azam
95%
Multan SultansMohammad Rizwan
84%
Lahore QalandarsShaheen Afridi
82%
Islamabad UnitedShadab Khan
79%
Quetta GladiatorsSarfaraz Ahmed
68%
Peshawar ZalmiWahab Riaz
61%

Score Distribution

Percentile by Number Answered

Percent of People with Each Score

Your Score History

You have not taken this quiz